25 citations connues (ou non) et leur attribution - Statistiques

Statistiques générales
  • Ce quiz a été pris 47 fois
    18 depuis la dernière actualisation
  • Le résultat moyen est 10 sur 25
Statistiques - réponses
Citations Réponses Réponses % Correct
"L’histoire se fait avec du sang et des larmes."" Impossible n'est pas français " N___ B___ Napoléon Bonaparte
100%
"Qu'ils mangent de la brioche !" M___-A___ Marie-Antoinette
94%
"L’enfer, c’est les autres." J___-P___ S___ Jean-Paul Sartre
88%
"On ne voit bien qu'avec le cœur. L'essentiel est invisible pour les yeux." A___ _ S___-E___ Antoine de Saint-Exupéry
81%
"Comment voulez-vous gouverner un pays où il existe 258 variétés de fromages" C____ D____ Charles de gaulle
81%
"La liberté consiste à pouvoir faire tout ce qui ne nuit pas à autrui." J___-J___ R___ Jean-Jacques Rousseau
81%
"Que celui qui est sans péché jette la première pierre.""Aimez vos ennemis, bénissez ceux qui vous maudissent, faites du bien à ceux qui vous haïssent." J___-C___ Jésus-Christ
75%
" De l’audace, encore de l’audace, toujours de l’audace, et la Patrie sera sauvée !" "Tu montreras ma tête au peuple, elle en vaut la peine." Le même D___ Danton
50%
"La pire des maladies de l’âme, c’est l’ignorance." P___ Platon
50%
"Si tu regardes longtemps dans l’abîme, l’abîme regarde aussi en toi." "Dieu n’est qu’un intermédiaire entre les hommes et leur vanité. Aimer Dieu c’est comme aimer son miroir." N___ Nietzsche
44%
"Rien n'est plus difficile que de se résigner à l'évidence." A___ C___ Albert Camus
38%
"L'homme est un loup pour l'homme" T___ H___ Thomas Hobbes
38%
"La démocratie est le pire des régimes, à l'exception de tous les autres qui ont été tentés." C___ Churchill
25%
"Il voulut être César, il fut Pompée." C___ Clémenceau
25%
"L'usage de la force est la seule manière de préserver la liberté." R___ Robespierre
25%
"L’amour est la seule réalité." A___ E___ Albert Einstein
19%
"To be or not to be, that is the question. Ah, the question... The question is... to be or not to be." __________ François Hollande
19%
"Fais ce qui est juste, non pas ce qui est facile." M___ A___ Marc Aurèle
19%
"La démocratie, c’est le gouvernement du peuple, par le peuple, pour le peuple." A___ L____ Abraham Lincoln
13%
" Vous sentez que la raison humaine peut guérir les illusions, mais non pas guérir les souffrances " " Tout ce qui était n'est plus; tout ce qui sera n'est pas encore; Ne cherchez pas ailleurs le secret de nos maux" " Au lieu d'avoir l'enthousiasme du mal nous n'eûmes que l'abnégation du bien; au lieu du désespoir, l'insensibilité " A___ M___ Alfred Musset
13%
" Le défaut majeur de la paix est qu’elle tend à punir les erreurs plutôt qu’à récompenser la valeur. " " L’ironie dissimule parfois l’impuissance à réfléchir plus loin que les suppositions d’autrui. " " La justice dans l'égalité n'existe nulle part. Tenter de parvenir à ce faux équilibre, c'est menacer une société ! " " Négliger les nécessités immédiates, c'est la pire offense que l'on puisse faire aux jeunes " F___ H___ Frank Herbert
13%
"Messieurs, vous êtes ici par la volonté du peuple et vous n’en sortirez que par la force des baïonnettes." L'Abbé ___ Sieyès
13%
"On ne fait pas d'omelette sans casser des œufs." M___ Machiavel
6%
"Le seul vrai voyage, ce ne serait pas d’aller vers d'autres paysages, mais d’avoir d’autres yeux." M___ P___ Marcel Proust
6%
" mais le grand homme est celui qui, au milieu de la foule, conserve avec une pleine douceur l'indépendance de la solitude "" Tu portes au loin ton amour et tu n’es que haine à ton foyer " R___ W___ E___ Ralph Waldo Emerson
6%
Aucun quiz correspondant
Distribution des résultats
% des personnes avec chaque résultat
Percentile par nombre de réponses
Votre historique - résultats
Vous n’avez pas pris ce quiz depuis la dernière actualisation